| 000 | 00506nam a2200181 a 4500 | ||
|---|---|---|---|
| 005 | 20230527063629.0 | ||
| 008 | 100208s2008 mx r 000 0 spa d | ||
| 020 | _a9789689351351 | ||
| 035 | _aUPN01000174510 | ||
| 049 | _aCG | ||
| 050 | 4 |
_aBF637 C5 _bM3.7 |
|
| 100 | 1 | _aMattos, Jarbas | |
| 245 | 1 | 0 |
_aReflexiones esenciales para comprender y orientar la vida / _cJarbas Mattos. |
| 260 |
_aMéxico : _bNueva palabra, _c2008. |
||
| 300 | _a126 p. | ||
| 650 | 4 |
_aConducta de vida _94416 |
|
| 905 | _aLibro | ||
| 999 |
_c146614 _d146614 |
||